Principals of engineering geology / (Record no. 14845)
[ view plain ]
| 000 -LEADER | |
|---|---|
| fixed length control field | 00636 a2200217 4500 |
| 001 - CONTROL NUMBER | |
| control field | TB12356 |
| 003 - CONTROL NUMBER IDENTIFIER | |
| control field | IN-BhIIT |
| 005 - DATE AND TIME OF LATEST TRANSACTION | |
| control field | 20250402154358.0 |
| 008 - FIXED-LENGTH DATA ELEMENTS--GENERAL INFORMATION | |
| fixed length control field | 250402b |||||||| |||| 00| 0 eng d |
| 020 ## - INTERNATIONAL STANDARD BOOK NUMBER | |
| ISBN | 9788195099306 (pbk.) |
| 040 ## - CATALOGING SOURCE | |
| Original cataloging agency | IN-BhIIT |
| 041 ## - LANGUAGE CODE | |
| Language code of text | eng |
| 082 ## - DEWEY DECIMAL CLASSIFICATION NUMBER | |
| Classification number | 624.151 |
| Book number | BAN/P |
| 100 ## - MAIN ENTRY--AUTHOR NAME | |
| Personal name | Bangar, K.M |
| Relator term | Author |
| 245 ## - TITLE STATEMENT | |
| Title | Principals of engineering geology / |
| Statement of responsibility, etc | by K.M. Bangar |
| 260 ## - PUBLICATION, DISTRIBUTION, ETC. (IMPRINT) | |
| Place of publication | Delhi : |
| Name of publisher | Standard Publishers Distributors, |
| Year of publication | 2024. |
| 300 ## - PHYSICAL DESCRIPTION | |
| Number of Pages | xi, 451 p. : |
| Other physical details(ill.) | ill. ; |
| Dimensions(size) | 24 cm. |
| 504 ## - BIBLIOGRAPHY, ETC. NOTE | |
| Bibliography, etc | Includes bibliographical references and index |
| 650 ## - SUBJECT ADDED ENTRY--TOPICAL TERM | |
| Topical Term | Geotechnical Engineering |
| 942 ## - ADDED ENTRY ELEMENTS (KOHA) | |
| Koha item type | Text Book |
| Withdrawn status | Lost status | Damaged status | Not for loan | Collection code | Home library | Current library | Date acquired | Source of acquisition | Cost, normal purchase price | Accession Number | Cost, replacement price | Price effective from | Koha item type | Full call number |
|---|---|---|---|---|---|---|---|---|---|---|---|---|---|---|
| Not withdrawn | Not Lost | not damaged | SEOCS | Central Library, IIT Bhubaneswar | Central Library, IIT Bhubaneswar | 20/02/2025 | 46 | 206.25 | TB12358 | 275.00 | 20/02/2025 | Text Book | ||
| Not withdrawn | Not Lost | not damaged | SEOCS | Central Library, IIT Bhubaneswar | Central Library, IIT Bhubaneswar | 20/02/2025 | 46 | 206.25 | TB12360 | 275.00 | 20/02/2025 | Text Book | ||
| Not withdrawn | Not Lost | not damaged | SEOCS | Central Library, IIT Bhubaneswar | Central Library, IIT Bhubaneswar | 20/02/2025 | 46 | 206.25 | TB12356 | 275.00 | 20/02/2025 | Course Reserve | 624.151 BAN/P | |
| Not withdrawn | Not Lost | not damaged | SEOCS | Central Library, IIT Bhubaneswar | Central Library, IIT Bhubaneswar | 20/02/2025 | 46 | 206.25 | TB12357 | 275.00 | 20/02/2025 | Text Book | ||
| Not withdrawn | Not Lost | not damaged | SEOCS | Central Library, IIT Bhubaneswar | Central Library, IIT Bhubaneswar | 20/02/2025 | 46 | 206.25 | TB12359 | 275.00 | 20/02/2025 | Text Book | ||
| Not withdrawn | Not Lost | not damaged | SEOCS | Central Library, IIT Bhubaneswar | Central Library, IIT Bhubaneswar | 20/02/2025 | 46 | 206.25 | TB12361 | 275.00 | 20/02/2025 | Text Book |